25 plus grandes villes américaines - Statistiques

Statistiques générales
  • Ce quiz a été pris 73 fois
    28 depuis la dernière actualisation
  • Le résultat moyen est 11 sur 25
Réponses sur la Carte
Les réponses sont colorées sur une échelle allant du rouge au vert en fonction du pourcentage des utilisateurs qui les ont devinées à leur premier essai. Vous pouvez retrouver ces pourcentages ci-dessous.
 
Statistiques - réponses
Réponse % Correct
Chicago
76%
Miami
76%
Los Angeles
67%
New York
67%
Boston
57%
Seattle - Tacoma
57%
Atlanta
52%
Phoenix
52%
Dallas - Fort Worth
48%
Detroit
48%
Portland
48%
Sacramento
48%
Houston
43%
Région de la baie de San Francisco
43%
Denver
38%
Las Vegas
38%
Philadelphia
38%
San Antonio
38%
San Diego
38%
Washington
38%
Saint Louis
33%
Baie de Tampa
29%
Baltimore
29%
Minneapolis - Saint-Paul
29%
Riverside - San Bernardino
19%
Aucun quiz correspondant
Distribution des résultats
% des personnes avec chaque résultat
Percentile par nombre de réponses
Votre historique - résultats
Vous n’avez pas pris ce quiz depuis la dernière actualisation